مكتبة جامعة عجلون الوطنية

فهرس بحث المكتبة

Normal view MARC view
  • التداوي بالاعشاب

Entry Topical Term

Number of records used in: 1

001 - CONTROL NUMBER

  • control field: 13477

003 - CONTROL NUMBER IDENTIFIER

  • control field: JO-AjAnu

005 - DATE AND TIME OF LATEST TRANSACTION

  • control field: 20230606072444.0

008 - FIXED-LENGTH DATA ELEMENTS

  • fixed length control field: 230606|| aca||aabn | a|a d

040 ## - CATALOGING SOURCE

  • Original cataloging agency: JO-AjAnu
  • Transcribing agency: JO-AjAnu

150 ## - HEADING--TOPICAL TERM

  • Topical term or geographic name entry element: التداوي بالاعشاب

670 ## - SOURCE DATA FOUND

  • Source citation: Work cat.: (JO-AjAnu)6934: اعداد رمال ،عايدة , author 13476, الماكروبيوتك والعلاج بالاعشاب